| 000 | 01126nam a2200253Ia 4500 | ||
|---|---|---|---|
| 003 | OSt | ||
| 005 | 20200827150129.0 | ||
| 008 | 191128s1987 ar gr 000 0 spa d | ||
| 020 | _a9501361349 | ||
| 040 |
_aCo-JMCR _cCo-JMCR |
||
| 041 | 0 | _aspa | |
| 082 | 0 | 4 |
_a370.98 / _bC733d _223 |
| 110 | 1 |
_aComisión Económica para América Latina _99375 |
|
| 245 | 1 | 0 |
_aDesarrollo y Educación en América Latina y el Caribe / _cComisión Económica para América Latina ; German W. Rama coordinador |
| 260 |
_aBuenos Aires : _bKapeluz, _c1987. |
||
| 300 |
_a245 páginas ; _c24 cm. |
||
| 490 | 0 | _aBiblioteca de cultura pedagogica : Serie educación y sociedad | |
| 500 | _aIncluye notas a pie de páginas. | ||
| 505 | 0 | _aPrincipales líneas de cambio estructural a partir de 1950 -- Educación, clases sociales y estratificación socio-ocupacional, en América Latina -- La relación entre la educación y el empleo -- Descripción de las principales tendencias del sistema | |
| 650 | 2 | 4 |
_aEducación _99376 |
| 650 | 2 | 4 |
_aSociología de la educación _99377 |
| 700 | 1 |
_aRama, Germán W., _ecoordinador _99378 |
|
| 942 |
_2ddc _cBK |
||
| 999 |
_c6080 _d6080 |
||